10 Most Dangerous Cities in the Western United States - Statistics

General Stats
  • This quiz has been taken 48 times
  • The average score is 3 of 10
Answer Stats
Answer % Correct
Oakland
93%
Stockton
50%
San Bernardino
32%
Tacoma
27%
Anchorage
25%
Modesto
25%
Inglewood
16%
Vallejo
16%
Pueblo
14%
Richmond
9%
No matching quizzes found
Score Distribution
Percent of People with Each Score
Percentile by Number Answered
Your Score History
You have not taken this quiz